| 000 | 00933nam a22003137a 4500 | ||
|---|---|---|---|
| 003 | CHAP | ||
| 005 | 20220329134953.0 | ||
| 008 | 971013s1977 r 00010 d | ||
| 010 | _a28859 | ||
| 011 | _a29831 | ||
| 035 | _a33942 | ||
| 040 | _cCHAP | ||
| 082 |
_a633.68 _bL4 |
||
| 100 | 0 | 0 |
_aLeatherdale, Donald. _965336 |
| 245 | _aCassava thesaurus | ||
| 260 |
_aCali : _bCentro Internacional de Agricultura Tropical, _c1977 |
||
| 300 | _a146 p. | ||
| 490 | _aSerie HE-35 | ||
| 590 |
_aBATCH-UPD _b10 _c20130110 _lUCH01 _h0031 |
||
| 590 |
_aBATCH-UPD _b10 _c20130110 _lUCH01 _h2142 |
||
| 590 |
_aBATCH-UPD _b10 _c20130409 _lUCH01 _h2014 |
||
| 590 |
_aBATCH-UPD _b10 _c20130914 _lUCH01 _h1716 |
||
| 590 |
_aCONVERSION _b10 _c20130109 _lUCH01 _h1317 |
||
| 650 | 1 | 4 |
_aYuca _xTerminología. _9123304 |
| 830 | 0 |
_aSerie HE-35 _9104892 |
|
| 901 | _aBK | ||
| 942 | _cLIBRO | ||
| 949 |
_a633.68 L4 _bBC _cC _d33724000571212 _eC _h43733 _i33942 _mD _si |
||
| 999 |
_c28859 _d28859 |
||